| 000 | 00561nam a2200181Ia 4500 | ||
|---|---|---|---|
| 003 | OSt | ||
| 005 | 20260627112516.0 | ||
| 008 | 250729s2011 xx 000 0 und d | ||
| 040 | _cAL | ||
| 041 | _aKannada | ||
| 082 | _a900.15 SURK | ||
| 100 |
_aSuryanath Kamath _9230825 _dಸೂರ್ಯನಾಥ ಕಾಮತ್. |
||
| 245 |
_aKarnatakada sakshiptha ithihasa _b ಕರ್ನಾಟಕದ ಸಂಕ್ಷಿಪ್ತ ಇತಿಹಾಸ |
||
| 260 |
_aBangalore _bM C C Publication _c2011 |
||
| 300 | _a308p | ||
| 650 |
_aHistory _9230826 |
||
| 942 |
_2ddc _cBED |
||
| 999 |
_c238975 _d238975 |
||